MLB The Show 26 Live Series (before update) - Statistics

General Stats
  • This quiz has been taken 82 times
  • The average score is 19 of 50
Answer Stats
Answer % Correct
SP/DH 92 Shohei Ohtani
98%
OF 92 Aaron Judge
90%
SS 91 Bobby Witt Jr
86%
SP 91 Tarik Skubal
83%
C 90 Cal Raleigh
79%
SP 90 Paul Skenes
79%
3B 91 Jose ramirez
76%
2B 90 Ketel Marte
76%
SS 90 Francisco Lindor
69%
OF 90 Juan Soto
67%
1B 86 Bryce Harper
52%
OF 85 Pete Crow Armstrong
52%
SS 87 Mookie Betts
50%
OF/2B 86 Fernando Tatis Jr
45%
SS 87 Gunnar Henderson
45%
C 85 Will Smith
45%
OF/DH 88 Yordan Alvarez
45%
RP 88 Aroldis Chapman
43%
1B 87 Freddie Freeman
40%
RP 89 Mason Miller
40%
OF 89 Byron Buxton
38%
OF 85 Mike Trout
38%
SS 86 Trea Turner
38%
1B 88 Vladimir Guerrero Jr
38%
DH 86 Kyle Schwarber
36%
1B 85 Nick Kurtz
36%
OF 86 Julio Rodriguez
31%
OF 87 Ronald Acuna Jr
31%
SP 87 Chris Sale
29%
SS 89 Corey Seager
29%
SP 87 Blake Snell
26%
OF 88 Cody Bellinger
26%
1B 85 Pete Alonso
26%
OF 85 Corbin Carroll
24%
OF 88 Kyle Tucker
21%
SP 89 Garrett Crochet
19%
SS 85 Jacob WIlson
19%
3B 85 Junior Caminero
19%
SP 85 Hunter Brown
17%
SP 85 Hunter Greene
17%
SS 85 Jeremy Pena
17%
RP 85 Edwin Diaz
14%
SP 86 Jacob Degrom
14%
SP 86 Tyler Glasnow
14%
SP 88 Yoshinobu Yamamoto
14%
SP 89 Zack Wheeler
14%
SP 85 Max Fried
12%
SP 86 Josh Hader
10%
SP 86 Bryan Woo
2%
SP 86 Logan Gilbert
2%
No matching quizzes found
Score Distribution
Percent of People with Each Score
Percentile by Number Answered
Your Score History
You have not taken this quiz